01423cam a2200301u 450000100060000000300080000600500170001400800410003103500190007204000280009104100080011908200220012711000510014924501150020026001210031530001010043649000300053750000490056765000480061665000610066465000610072565000620078683000150084883000740086394200120093799900170094995201550096627710BD-RjUL20211209051206.0140327s1946 dcuabef f000 0 eng  a(BD-RjUL)27789 aDLCcCarPdBD-RjULbeng aeng0 a940.542bCAM 19462 aUnited States Strategic Bombing Survey.98507514aThe campaigns of the Pacific war /cUnited States Strategic Bombing Survey (Pacific), Naval Analysis Division. aWashington :bNaval Analysis Division;b[for sale by the Superintendent of Documents, U.S. Govt. Print. Off.,c1946. axv, 395 p. :bincl. illus. (map) plates, front., plans (part fold.) diagrs. (part fold.)c27 cm.1 aReports. Pacific war,v73 aFolded map attached to inside of back cover. 0aWorld War, 1939-1945zPacific Ocean.982954 0aWorld War, 1939-1945xNaval operations, Japanese.985067 0aWorld War, 1939-1945xNaval operations, American.985068 0aWorld War, 1939-1945xAerial operations, American.985069 0v73.985076 0aUnited States Strategic Bombing Survey (Series) (Pacific war),985077 2ddccBK c27710d27710 00102ddc40728NFICaRUCLbRUCLcReadingd2019-06-03eMohiuddin and sons daccag16.25l0o940.542 CAM 1946r2014-03-27 00:00:00tC-1w2014-03-27yBK